[Event "Dortmund SuperGM 23rd"]
[Site "Dortmund"]
[Date "1995.07.19"]
[Round "5"]
[White "Kramnik, Vladimir"]
[Black "Short, Nigel D"]
[Result "1-0"]
[WhiteElo "2730"]
[BlackElo "2645"]
[Annotator "Von Gleich,A"]
[PlyCount "49"]
[EventDate "1995.07.14"]
[EventType "tourn"]
[EventRounds "9"]
[EventCountry "GER"]
[EventCategory "17"]
[SourceTitle "CBM 048"]
[Source "ChessBase"]
[SourceDate "1995.10.01"]
[SourceVersion "1"]
[SourceVersionDate "1995.10.01"]
[SourceQuality "1"]

1. Nf3 {Baburin Ftacnik Knaak Konikowski} d5 2. d4 Nf6 3. c4 e6 4. Nc3 Be7 5.
Qc2 O-O 6. Bg5 h6 7. Bxf6 Bxf6 8. Rd1 (8. O-O-O $5 {Konikowski}) 8... g6 {
Es ist fraglich, ob dieser Plan in dieser Stellung der richtige ist. Nach} (
8... c6 9. e4 (9. e3 Nd7 10. Bd3 a6 {ergibt eine günstige Variante des
Damengambites für Schwarz.}) (9. e3 {ist auch möglich}) 9... dxe4 10. Qxe4 $13
(10. Nxe4 {Konikowski} Qa5+ 11. Qd2 Qxd2+ 12. Rxd2 Be7 13. a3 Nd7 14. Bd3 Nf6 {
mit etwa gleichen Chancen.})) (8... dxc4 {Ftacnik} 9. e4 c5 10. e5 Be7 11. Bxc4
cxd4 12. Rxd4 Qc7 13. Qe4 Nc6 14. Bd3 g6 15. Rc4 Rd8 16. h4 h5 17. Rg1 Rxd3 $5
18. Qxd3 b5 19. Re4 Nb4 20. Qb1 Bb7 21. Ke2 Rd8 22. Rd1 Rxd1 23. Kxd1 Bxe4 24.
Qxe4 {Drasko,M-Jasnikowski,Z/Polanica Zdroj (12)/1988/0.5 (28)}) (8... c5 {
Ftacnik} 9. dxc5 Qa5 10. cxd5 exd5 11. Qd2 Bxc3 12. Qxc3 Qxc3+ 13. bxc3 Be6 14.
Nd4 Rc8 15. e4 dxe4 16. Nxe6 fxe6 17. Bc4 Kf7 18. Rd4 Na6 19. Bxa6 bxa6 20. Kd2
Rab8 21. Rc1 Rxc5 22. Rxe4 Rd5+ 23. Kc2 Rdb5 24. Kd3 {Romanishin,O-Beliavsky,A/
Leningrad/1977/0.5 (39)}) (8... Nc6 {Ftacnik} 9. e3 b6 10. a3 Bb7 11. cxd5 exd5
12. Be2 Re8 13. O-O a6 14. Ne1 Ne7 15. Nd3 Qd6 16. Bf3 g6 17. g3 Rab8 18. b4
Bg7 19. Rfe1 c6 20. Nf4 Qd8 21. a4 b5 22. Nd3 Nf5 23. Nc5 Bc8 24. a5 {
Romanishin,O-Arlandi,E/Reggio Emilia (07)/1994/0.5 (28)}) 9. e3 c6 (9... Nc6 {
Ftacnik} 10. Be2 Bg7) 10. Bd3 dxc4 $6 {Ein merkwürdiger Zug, wonach Weiß
leicht mit e3-e4 das Zentrum besetzen kann. Vorzuziehen ist} (10... a6 {
Mit dem Schlagen geht das Spiel in die sog. Moskauer Variante (1.d4 d5 2.c4 c6
3.Nf3 Nf6 4.Nc3 e6 5.Bg5 h6 6.Bf6 Qf6 ), jedoch hier mit einem Minustempo für
Schwarz, da die übliche Aufstellung Qe7,Bg6,Bg7 ein Zug mehr kostet.}) (10...
Nd7 $5 {Konikowski}) 11. Bxc4 Nd7 12. h4 {Weiß kann sich diesen Zug leisten -
die Bauern f2 und g2 schützen den König hinreichend.} (12. Ne5 Qe7 13. f4 Nxe5
$6 (13... c5) 14. fxe5 Bxe5 15. dxe5 Qh4+ 16. Qf2 Qxc4 17. Rd4 {mit sehr
starkem Angriff}) 12... Qe7 (12... Bg7 {Knaak} 13. h5 g5) 13. a3 $1 {Kramnik
folgt einer Idee von Nikolic, die dieser obwohl mit Minustempo erfolgreich
gegen xxx anwandte.} Bg7 14. Ba2 {Ftacnik One of the good sides of the modest
a2-a3 move is this tidy square for B.} b6 (14... Rd8 {Knaak} 15. Bb1 Nf8 {
könnte Weiß mit} (15... Nf6 {Ftacnik}) 16. Qe4 {oder 16.Ne2 das Manöver b6 und
Bb7 erschweren.}) 15. Bb1 {Kramnik mobilisiert seine Kräfte gegen die
gegnerische Königsstellung. Nach} (15. h5 g5 16. Bb1 f5 17. e4 (17. Ba2 {
Konikowski} Bb7 {ist es noch nicht zu sehen, wie Weiß weiter das Spiel
fortsetzen soll, um einen Vorteil zu kämpfen.}) 17... Bb7 18. Ba2 Kh8 $13)
15... h5 $6 {Eine ernsthafte Schwächung der Königsstellung, die dem weißen
Springer erlaubt, einen festen Stützpunkt auf g5 zu finden. Schwarz sollte
Nach diesem Zug kann Schwarz seinen f-Bauern praktisch nicht mehr ziehen, da
g6 zu schwach würde.} (15... Rd8 16. h5 g5 (16... g5 {Konikowski} 17. Qh7+ (17.
Ne4 Bb7 18. Nexg5 hxg5 19. h6 Bf6 20. Qh7+ Kf8 21. Rh5 (21. Nxg5 {Ftacnik} c5
22. Be4 Bd5 $13) 21... c5 22. Rxg5 Ke8 23. Rg8+ Nf8 24. Qc2 (24. Bc2 a6 25. Qd3
) 24... Rac8 25. Qe2) (17. O-O Bb7 $14) 17... Kf8 18. Ne4 f5 (18... Bb7 {Knaak}
19. Nfxg5 f5 $1 (19... hxg5 20. h6 Bf6 21. Rh5 {/\ 22.R:g5}) 20. Qg6 (20. Nxe6+
Qxe6 21. Ng3 Nf6 22. Qg6 f4 23. Nf5 Qf7 24. Nxh6 Qxg6 25. hxg6 fxe3 26. fxe3
$44) 20... hxg5 21. Nxg5 Nf6 22. h6 $1 (22. Ba2 Rd6 23. h6 (23. e4 fxe4 24. Rh4
Qe8 25. Nh7+ Nxh7 26. Qxh7 Qf7 27. g3) 23... Bh8) 22... Bh8 23. h7 Bc8 (23...
Rd6 24. e4 $1) 24. Rc1 Rd6 25. g4 $40) (18... Nf6 $6 19. Nxf6 Qxf6 20. Ne5 {
nebst 21.Ng4}) 19. Ng3 Bb7 20. Ba2 Nf6 21. Qg6 c5 {und Schwarz bekommt ein
Gegenspiel.})) (15... Nf6 {Ftacnik} 16. h5 g5 17. Ne4 Nxe4 18. Qxe4 f5 19. Qxc6
Bb7 20. Qa4 $14) 16. O-O {[%cal Yb1h7] Ftacnik The castling nests are not
equal for both kings. Black is potentially under great fire along the b1-h7
diagonal, while white has no such problem.} Bb7 17. Ng5 Rfd8 {Danach wird
Schwarz langsam an die Wand gedrückt. Stattdessen sollte er energisch im
Zentrum vorgehen und seinen Bb7 aktivieren. Man sehe:} (17... c5 18. d5 (18.
dxc5 Nxc5 19. b4 Nd7 20. Nce4 Bxe4 21. Qxe4 Nf6 22. Qf3 Rad8 23. Ba2 Nh7 24.
Nxh7 Kxh7 25. g3 Kg8 $10) 18... exd5 (18... Bxc3 $2 19. dxe6 $1) 19. Nxd5 Bxd5
20. Rxd5 Nf6 21. Rd2 Nh7 22. Nf3 Rfd8 (22... Rad8 {Konikowski} 23. Rfd1 Bf6 24.
Qc4 Kg7 {mit guten Überlebenschancen für Schwarz.}) 23. Rfd1 Nf8 24. Ba2 $14
Ne6 $2 25. Rxd8+ Rxd8 26. Rxd8+ Qxd8 27. Bxe6 fxe6 28. Qxg6 $18) (17... Nf6 18.
e4 Rad8 19. e5 Ng4 20. Ba2 $1 {/\ Be6}) (17... Bf6 {Ftacnik} 18. Nce4) 18. Ba2
Nf6 {Zu versuchen wäre, den N lieber auf f8 zu postieren.} (18... Nf8 19. b4 (
19. Nce4 $14 {Ftacnik}) 19... Rac8 20. Nce4 f5 21. Ng3 c5 22. dxc5 bxc5 23.
bxc5 Rxc5 24. Qa4 $14) (18... Rac8 19. e4 Bh6 20. f4 $14) 19. e4 Ng4 {Der Gaul
g5 sollte durch Hier steht der Springer sinnlos rum. Mit} (19... Nh7 {Knaak}
20. Nf3 {verbliebe Schwarz mit einer völlig passiven, aber nicht
hoffnungslosen Stellung.}) 20. e5 {Jetzt liegt ein Opfer auf e6 in der Luft. 
Opens the diagonal b1-h7 for the attacking purposes.} Rd7 $2 {In der
kritischen Stellung verkennt Short die drohende Gefahr. Er mußte sich auf die
halsbrecherischen Komplikationen nach 20...c5 einlassen. Die einzige Chance
war, mit} (20... c5 21. d5 (21. dxc5 Nxe5 $13) (21. Bxe6 $1 {Knaak} fxe6 22.
Qxg6 cxd4 (22... Qe8 23. Qh7+ Kf8 24. Ne2 $18) 23. Ne2 $1 Nxe5 24. Qh7+ Kf8 25.
Nf4 Bd5 26. Rfe1 $1 {/\ Re5+-}) 21... exd5 22. Nxd5 (22. e6 $6 f6 23. Nf7 (23.
Nxd5 Bxd5 24. Bxd5 fxg5 25. Bxa8 Rxa8 26. Qxg6 gxh4 27. Rd7 (27. Qxh5 Qxe6)
27... Ne5) 23... f5 24. g3 d4 25. Nxd8 Rxd8 26. Rfe1 Ne5) 22... Qxe5 23. f4
Qxb2 (23... Qd4+ 24. Rxd4 Bxd4+ 25. Kh1 (25. Ne3 Bxe3+ 26. Kh1 Bd5 27. Bxd5
Rxd5 28. f5 $2 Bxg5 29. hxg5 (29. fxg6 Bf6 30. gxf7+ $17 Kxf7 $15) 29... gxf5
30. Rxf5 $2 Rxf5 31. Qxf5 Rd8 $19) 25... Bxd5 26. Bxd5 Rxd5 27. f5 (27. Qb3 {
Konikowski} Ne3 28. Rf3 c4 29. Qb4 Re8 $13) 27... gxf5 (27... Ne3 28. Qe4 Rad8
29. fxg6 Nxf1 (29... fxg6 30. Qxg6+ Bg7 31. Qh7#) 30. gxf7+ Kf8 31. Ne6+ Kxf7
32. Nxd8+ Rxd8 33. Qf5+ Bf6 34. Qxh5+ Kg7 35. Qg4+ Kf8 36. Qf3 Kg7 37. Qxf1
Bxb2 38. Qa6 Rd1+ 39. Kh2 Be5+ 40. g3 Rd7 {und der cP gibt dem Schwarzen gute
Konterchancen.}) 28. Rxf5 Ne3 29. Qe4 Rxf5 30. Qxa8+ Kg7 31. Nf3 Bxb2 32. Qxa7
$13) 24. Ne7+ (24. Qxg6 $5 Qxg2+ $3 (24... fxg6 25. Ne7+ Kf8 (25... Kh8 26.
Nxg6#) 26. Nxg6+ Ke8 27. Bf7#) 25. Kxg2 fxg6 $17) 24... Kf8 (24... Kh8 $4 25.
Nxf7+ Kh7 26. Qxg6#) 25. Nxg6+ fxg6 (25... Kg8 26. Bxf7#) 26. Nh7+ Ke7 27.
Rfe1+ Ne5 28. Qxb2 Rxd1 29. Qf2 $18 (29. Qf2 Rxe1+ 30. Qxe1 $18)) (20... Nh6
21. Nce4 {wäre hingegen zu schlapp} (21. Bxe6 $1 fxe6 22. Qxg6 c5 (22... Nf7 {
Knaak} 23. Qh7+ Kf8 24. Nce4 Nxg5 25. Nxg5 {droht 26.Rd3}) 23. dxc5 Qe8 (23...
bxc5 24. Nxe6 Rxd1 (24... Rd4 25. Nxd4 cxd4 26. Rxd4 Qxe5 27. Rd7 Rb8 28. Rfd1
$16) 25. Rxd1 Rb8 26. Rd6 $16) 24. Qh7+ Kf8 25. Rd6 Rxd6 26. cxd6 Nf5 27. Nb5
$16) 21... Nf5 22. Nxf7 Kxf7 (22... Nxd4 $1) 23. Ng5+ Ke8 24. Bxe6 Nxh4 25. f4
Bh6 26. Bf7+ Kf8 27. Bxg6 Bxg5 28. fxg5+ Kg8 29. Qc4+ Kh8 (29... Rd5 30. Bf7+)
30. Rf7 Nxg6 31. Rxe7 Nxe7 32. Qf7) 21. Ne2 {/\ Nf4-e6 (g6) Baburin The Black
position has been compromised by driving away the Nf6 and now White brings
another piece to the Kside for the attack.} (21. Bxe6 fxe6 22. Qxg6 Qe8) (21.
Nce4 {Ftacnik} Rad8 22. Nd6 Rxd6 $1 23. exd6 Rxd6 $44) 21... Rad8 {Konsequent
ins Verderben, eine Rettung war indes nicht mehr möglich} (21... c5 22. Bxe6
fxe6 23. Qxg6 Bd5 24. Qh7+ (24. Nf4 $18 {Ftacnik}) 24... Kf8 25. Nf4 $18) (
21... Qe8 {Knaak} 22. Nf4 Re7 23. Ne4) 22. Bxe6 $1 {Kramnik opfert den Läufer
und erkämpft sich die entscheidende Überlegenheit.} fxe6 23. Qxg6 $18 {[%cal
Rg6h7,Re2f4] Ftacnik Black faces very serious threat of Nf4, his material
compensation is of no importance.} Nxe5 (23... Nf6 {Ftacnik} 24. exf6 Qxf6 25.
Qh7+ Kf8 26. Nf4 $1 $18) 24. Qh7+ Kf8 25. Nf4 (25. Nf4 {Ftacnik} Ke8 26. dxe5
Rxd1 27. Qg6+ Kf8 28. Nfxe6+ $18) 1-0